القومية العربية: (Record no. 13859)
[ view plain ]
| 000 -الفاتح | |
|---|---|
| حقل البيانات ثابتة الطول | 00961nam a22001817a 4500 |
| 008 - عناصر البيانات ثابتة الطول - معلومات عامة | |
| حقل البيانات ثابتة الطول | 100408s2000 le||||gr|||| 001 0 ara d |
| 020 ## - الرقم الدولى المعيارى للكتب | |
| الرقم الدولى المعيارى للكتاب | 9953431159 |
| 082 ## - رقم تصنيف ديوى العشرى | |
| رقم الطبعة | 22 |
| رقم التصنيف | 320.5409174927 |
| رقم المادة | ش و ى |
| 100 ## - المدخل الرئيسى - إسم شخصى | |
| 9 (RLIN) | 13383 |
| الإسم الشخصى | الشويري ، يوسف |
| 245 ## - بيان العنوان | |
| العنوان | القومية العربية: |
| بقية العنوان | الأمة و الدولة فى الوطن العربى نظرة تاريخية/ |
| بيان المسئوليه,etc | يوسف الشويري |
| 246 ## - العنوان الموازى | |
| عنوان صحيح/عنوان مختصر | Arab Nationalism : |
| بقية العنوان | A History Nation and State Arab World |
| 260 ## - PUBLICATION, DISTRIBUTION, ETC. (IMPRINT) | |
| مكان الناشر او الموزع | :بيروت |
| اسم الناشر او الموزع | مركز دراسات الوحدة العربية ، 2000 |
| تاريخ النشر أو التوزيع | 2000 |
| 300 ## - الوصف المادى | |
| التعداد | 374 ؛ص |
| أبعاد الوعاء | 24سم. |
| 504 ## - تبصرة ببليوجرافية | |
| تبصرة ببليوجرافية,الخ | يحتوى على ببليوجرافية ص347-362 و كشاف |
| 650 ## - المدخل الاضافى بالموضوع-مصطلح موضوعى | |
| 9 (RLIN) | 13384 |
| مصطلح موضوعي أو اسم جغرافي كعنصر مدخل | القومية العربية |
| 942 ## - عناصر المدخل الإضافي( كوها) | |
| مصدر التصنيف او مخطط الترفيف | Dewey Decimal Classification |
| Koha [default] item type | Book - Borrowing |
| حالة التراجع | حالة الفقد | مصدر التصنيف او خطة الترفيف | حالة تلف | ليس للاعارة | مجموعات كوها | المكان الدائم | المكان الحالي | موقع الترفيف | تاريخ الاكتساب | Source of acquisition | سعر الشراء الطبيعي | تعداد مسلسل / التسلسل الزمني | رقم الاستدعاء | الباركود | Date last seen | مُعار | نوع الوعاء |
|---|---|---|---|---|---|---|---|---|---|---|---|---|---|---|---|---|---|
| Dewey Decimal Classification | مركز دراسات الوحدة العربية | Central Library | Central Library | First floor | 08/04/2010 | 66.00 | 4 | 320.5409174927 الش | 000020475 | 15/07/2025 | 13/03/2013 | Book - Borrowing |